Yakko's World po polsku - Kolejność - Statystyki

Ogólne statystyki
  • Ten quiz został rozwiązany 34 razy
  • Średni wynik to 68 z 148
Statystyki odpowiedzi
Kraj/Stolica/Wyspa/Region/Kontynent Tekst % Poprawnych
Kraj Kanada
100%
Kraj Stany Zjednoczone
100%
Kraj Meksyk
96%
Kraj Dominikana
92%
Kraj Haiti
92%
Kraj Jamajka
92%
Kraj Panama
92%
Kraj Kuba
88%
Kraj Peru
88%
Kraj Gwatemala
83%
Kraj Argentyna
79%
Kraj Belize
79%
Kraj Brazylia
79%
Kraj Chile
79%
Kraj Gujana
79%
Kraj Honduras
79%
Kraj Kolumbia
79%
Kraj Wenezuela
79%
Kraj Ekwador
75%
Kraj Kostaryka
75%
Kraj Nikaragua
75%
Kraj Salwador
75%
Kraj Boliwia
71%
Kraj Niemcy
71%
Kraj Norwegia
71%
Kraj Surinam
71%
Region Karaiby
67%
Kraj Szwecja
67%
Kraj Finlandia
63%
Kraj Grecja
63%
Kraj Paragwaj
63%
Kraj Szwajcaria
63%
Kraj Turcja
63%
Kraj Austria
58%
Kraj Czechy
58%
Wyspa Guam
58%
Kraj Słowacja
58%
Kraj Urugwaj
58%
Kraj Chiny
54%
Kraj Francja
54%
Kraj Indie
54%
Kraj Nepal
54%
Kraj Afganistan
50%
Kraj Bahamy
50%
Kraj Bhutan
50%
Kraj Botswana
50%
Kraj Dania
50%
Kraj Grenlandia
50%
Kraj Hiszpania
50%
Kraj Irak
50%
Kraj Iran
50%
Kraj Laos
50%
Kraj Pakistan
50%
Kontynent Azja
46%
Kraj Bermudy
46%
Kraj Filipiny
46%
Kraj Irlandia
46%
Kraj Japonia
46%
Stolica San Juan
46%
Kraj Syria
46%
Kraj Tajlandia
46%
Wyspa Tobago
46%
Stolica Warszawa
46%
Kraj Algieria
42%
Kraj Arabia Saudyjska
42%
Stolica Bukareszt
42%
Kraj Bułgaria
42%
Kraj Czad
42%
Kraj Egipt
42%
Kraj Ghana
42%
Kraj Kambodża
42%
Kraj Kenia
42%
Kraj Lesotho
42%
Kraj Liban
42%
Kraj Liberia
42%
Kraj Malezja
42%
Kraj Maroko
42%
Kraj Mongolia
42%
Kraj Niger
42%
Kraj Nigeria
42%
Kraj Portoryko
42%
Kraj Sri Lanka
42%
Kraj Tunezja
42%
Region Tybet
42%
Kraj Wietnam
42%
Kraj Australia
38%
Kraj Barbados
38%
Kraj Burundi
38%
Kraj Cypr
38%
Kraj Gwinea
38%
Kraj Izrael
38%
Kraj Jemen
38%
Kraj Jordania
38%
Nazwa państwa narodów południowosłowiańskich Jugosławia
38%
Kraj Mozambik
38%
Kraj Somalia
38%
Kraj Togo
38%
Kraj Uganda
38%
Kraj Węgry
38%
Kraj Bahrajn
33%
Kraj Libia
33%
Kraj Madagaskar
33%
Kraj Malawi
33%
Kraj Sierra Leone
33%
Kraj Słowenia
33%
Kraj Tajwan
33%
Stolica Tirana
33%
Kraj Zambia
33%
Kraj Zimbabwe
33%
Kraj Angola
29%
Kraj Chorwacja
29%
Kraj Dżibuti
29%
Stolica Edynburg
29%
Kraj Etiopia
29%
Kraj Kongo
29%
Kraj Kuwejt
29%
Stolica Lizbona
29%
Wyspa Nowa Gwinea
29%
Kraj Senegal
29%
Kraj Suazi
29%
Wyspa Sumatra
29%
Kraj Andora
25%
Region Beneluks
25%
Stolica Dżakarta
25%
Kraj Gambia
25%
Kraj Gwinea Bissau
25%
Kraj Mali
25%
Kraj Namibia
25%
Kraj Rwanda
25%
Kraj Serbia
25%
Kraj Tanzania
25%
Stolica Abu Dhabi
21%
Wyspa Borneo
21%
Region Hong Kong
21%
Kraj Kamerun
21%
Kraj Malta
21%
Kraj Monako
21%
Kraj Komory
17%
Wyspa Majorka
17%
Kraj Papua-Nowa Gwinea
17%
Kraj Dahomej
13%
Kraj Anglia (Wielka Brytania)
4%
Kraj Birma (Mjanma)
0%
Kraj Bośnia (Bośnia i Hercegowina)
0%
Kraj Zair (Demokratyczna Republika Konga)
0%
Kraj Zelandia (Nowa Zelandia)
0%
Nie znaleziono quizów pasujących do podanych kryteriów
Rozkład punktacji
Procent ludzi z każdym wynikiem
Percentyl według liczby udzielonych odpowiedzi
Twoja historia wyników
Nie rozwiązałeś tego quizu